000
00316nam a22001457a 4500
008
210308b ||||| |||| 00| 0 eng d
020
_a
9781561592524
041
_a
eng
080
_a
37
082
_a
37
100
_a
46
101
_a
EDU
245
_a
Guide to Higher Education in Africa
_c
AAU
942
_2
udc
_c
BK
999
_c
56017
_d
56017